Bible v českých zemích : Skriptum pro stud. účely Husovy čs. bohoslovecké fak. v Praze / Jindřich Mánek
Record details
- Physical Description: 79 s. ; 8°
- Edition: 1. vyd.
- Publisher: Praha : Ústřední církevní nakladatelství, 1975
Content descriptions
| General Note: | Přehl. lit. Vyd. Katedra biblické teologie |
Available copies
- 2 of 2 copies available at Common Catalog SPOK.
Holds
- 0 current holds with 2 total copies.
Show Only Available Copies
| Location | Call Number / Copy Notes | Barcode | Shelving Location | Status | Due Date |
|---|---|---|---|---|---|
| ETS Library | 274.37 | 424470002008 | Volný výběr | Available | - |
| ETS Library | 274.37 | 424470004406 | Volný výběr | Available | - |
Electronic resources
Version of Resource: Digitalizovaný dokument
| LDR | 01133nam a22002771 4500 | ||
|---|---|---|---|
| 001 | 45373 | ||
| 003 | CZ-PrJAB | ||
| 005 | 20191021181954.0 | ||
| 008 | 971126s1975 xr cze | ||
| 015 | . | ‡acnb000497624 | |
| 035 | . | ‡a(CZ PrNK)bk197505385 | |
| 035 | . | ‡a(OCoLC)85367967 | |
| 040 | . | ‡aABA001 ‡bcze ‡cLIA001 ‡dABA001 | |
| 080 | . | ‡a22.05=850(075.8) ‡2undef | |
| 082 | 1 | 4. | ‡a274.37 |
| 100 | 1 | . | ‡aMánek, Jindřich, ‡d1912-1977 ‡7jk01080036 ‡4aut |
| 245 | 1 | 0. | ‡aBible v českých zemích : ‡bSkriptum pro stud. účely Husovy čs. bohoslovecké fak. v Praze / ‡cJindřich Mánek |
| 250 | . | ‡a1. vyd. | |
| 260 | . | ‡aPraha : ‡bÚstřední církevní nakladatelství, ‡c1975 ‡f(ST 6) | |
| 300 | . | ‡a79 s. ; ‡c8° | |
| 500 | . | ‡aPřehl. lit. | |
| 500 | . | ‡aVyd. Katedra biblické teologie | |
| 710 | 2 | . | ‡aHusova československá bohoslovecká fakulta. ‡bKatedra biblické theologie ‡7kn20010710207 |
| 856 | 4 | 1. | ‡uhttp://krameriusndk.nkp.cz/search/handle/uuid:c3541700-e335-11e8-a5a4-005056827e52 ‡yDigitalizovaný dokument |
| 910 | . | ‡aABG45 | |
| 964 | . | ‡aBible - překlady do češtiny - učebnice vysokoškol. | |
| 990 | . | ‡aBK | |
| 995 | . | ‡aska | |
| 999 | . | ‡a795 ‡c795 | |
| 901 | . | ‡a45373 ‡bCZ-PrJAB ‡c45373 ‡tbiblio | |